000 00520nam a2200193 a 4500
001 BRCA_7650
005 20190320205928.0
008 260713s19uu----sp-a######---#000-0#spa-#
041 _aspa
044 _asp
050 4 _aNK3000
_b.T37 1900
245 1 0 _aLa tapicería antigua y moderna.
260 _aBarcelona, España
_bSeix
_c[19--?]
300 _a1 v. (sin paginación)
_bil. (algunas a color), 154 láminas
_c32 cm.
500 _aT66
650 1 4 _aTapicería
_xHistoria
_918863
902 _aGFM
942 _2lcc
_cB
999 _c7324
_d7324